Normal view
MARC view
Entry Personal Name
001 - CONTROL NUMBER
- control field: 41372
003 - CONTROL NUMBER IDENTIFIER
- control field: OSt
005 - DATE AND TIME OF LATEST TRANSACTION
- control field: 20160228155122.0
008 - FIXED-LENGTH DATA ELEMENTS
- fixed length control field: 160228|| aca||aabn | a|a d
040 ## - CATALOGING SOURCE
- Original cataloging agency: OSt
- Transcribing agency: OSt
100 ## - HEADING--PERSONAL NAME
- Personal name: डॉ विमल
670 ## - SOURCE DATA FOUND
- Source citation: Work cat.: (OSt)29147: डॉ विमल , साहित्य सृजन और जनाकांक्षाऍ , 1987









